| 000 | 00711nam a22002417a 4500 | ||
|---|---|---|---|
| 005 | 20170124110119.0 | ||
| 010 | _a159266 | ||
| 020 | _c00.00 | ||
| 035 | _a159266 | ||
| 037 | _bCen Lib/Ret | ||
| 040 |
_aDPL _bEN |
||
| 082 |
_a911 _bEKB |
||
| 100 |
_aEkblaw, Sidney E. _930374 |
||
| 245 |
_aEconomic and social geography / _cby Sidney E.Ekblaw [and] Donald J.D. Mulerne |
||
| 260 |
_aNew York _bGregg Publishing Division _c1958 |
||
| 270 |
_aNew York _bNew York |
||
| 300 |
_a415p. : _c23cm(Hb) _bill. |
||
| 500 | _a Includes index | ||
| 650 |
_aEconomic geography _97891 |
||
| 650 |
_aHuman geography _930375 |
||
| 700 |
_aMulerne, Donald J.D. _930376 |
||
| 942 |
_2ddc _cEN _h911 _mEKB |
||
| 999 |
_c130899 _d130899 |
||